<?xml version="1.0" encoding="UTF-8"?>
<record
    xmlns:xsi="http://www.w3.org/2001/XMLSchema-instance"
    xsi:schemaLocation="http://www.loc.gov/MARC21/slim http://www.loc.gov/standards/marcxml/schema/MARC21slim.xsd"
    xmlns="http://www.loc.gov/MARC21/slim">

  <leader>02793nam a22004454c 4500</leader>
  <controlfield tag="001">194591</controlfield>
  <controlfield tag="003">SpMaBN</controlfield>
  <controlfield tag="005">20250824094049.0</controlfield>
  <controlfield tag="008">230307s2023    sp     | |||| 000 0 spa  </controlfield>
  <datafield tag="015" ind1=" " ind2=" ">
    <subfield code="a">MON23</subfield>
  </datafield>
  <datafield tag="017" ind1=" " ind2=" ">
    <subfield code="a">M 841-2023</subfield>
    <subfield code="b">Oficina Dep&#xF3;sito Legal Madrid</subfield>
  </datafield>
  <datafield tag="020" ind1=" " ind2=" ">
    <subfield code="a">9788419370440</subfield>
  </datafield>
  <datafield tag="040" ind1=" " ind2=" ">
    <subfield code="a">SpMaBN</subfield>
    <subfield code="b">spa</subfield>
    <subfield code="c">SpMaBN</subfield>
    <subfield code="e">rda</subfield>
  </datafield>
  <datafield tag="080" ind1=" " ind2=" ">
    <subfield code="a">821.134.2(6).09</subfield>
  </datafield>
  <datafield tag="100" ind1="1" ind2=" ">
    <subfield code="a">Nistal, Gloria</subfield>
    <subfield code="9">234310</subfield>
  </datafield>
  <datafield tag="245" ind1="1" ind2="0">
    <subfield code="a">Estudios sobre literatura africana y afroamericana en espa&#xF1;ol /</subfield>
    <subfield code="c">Gloria Nistal</subfield>
  </datafield>
  <datafield tag="250" ind1=" " ind2=" ">
    <subfield code="a">[Primera edici&#xF3;n, 2023]</subfield>
  </datafield>
  <datafield tag="264" ind1=" " ind2="1">
    <subfield code="a">Madrid (Espa&#xF1;a) :</subfield>
    <subfield code="b">Sial Ediciones,</subfield>
    <subfield code="c">[2023]</subfield>
  </datafield>
  <datafield tag="300" ind1=" " ind2=" ">
    <subfield code="a">387 p&#xE1;ginas ;</subfield>
    <subfield code="c">21 cm</subfield>
  </datafield>
  <datafield tag="336" ind1=" " ind2=" ">
    <subfield code="a">Texto</subfield>
    <subfield code="2">rdacontent</subfield>
  </datafield>
  <datafield tag="337" ind1=" " ind2=" ">
    <subfield code="a">sin mediaci&#xF3;n</subfield>
    <subfield code="2">rdamedia</subfield>
  </datafield>
  <datafield tag="338" ind1=" " ind2=" ">
    <subfield code="a">volumen</subfield>
    <subfield code="2">rdacarrier</subfield>
  </datafield>
  <datafield tag="490" ind1="1" ind2=" ">
    <subfield code="a">Casa de &#xC1;frica ;</subfield>
    <subfield code="v">113</subfield>
    <subfield code="9">176545</subfield>
  </datafield>
  <datafield tag="500" ind1=" " ind2=" ">
    <subfield code="a">Re&#xFA;ne art&#xED;culos que han sido presentados en distintos congresos y muchos publicados en revistas especializadas en literatura africana</subfield>
  </datafield>
  <datafield tag="504" ind1=" " ind2=" ">
    <subfield code="a">Incluye referencias bibliogr&#xE1;ficas</subfield>
  </datafield>
  <datafield tag="520" ind1=" " ind2=" ">
    <subfield code="a">Este libro re&#xFA;ne art&#xED;culos que han sido presentados en distintos congresos y muchos de ellos se han publicado con posterioridad en revistas especializadas en literatura africana como Or&#xE1;frica; Iberorromania; Afroeuropa; Hispanitas; Kalejdoskop Afrykanski; Candil o BradAmante.

Un peque&#xF1;o grupo de art&#xED;culos han sido estudios incluidos en algunos libros de las editoriales Sial Pigmali&#xF3;n, Diwan o Punto rojo.

En su mayor&#xED;a los art&#xED;culos tratan de la literatura de autores guineoecuatorianos, como Mar&#xED;a Nsu&#xE9;; Donato Ndongo; Justo Bolekia; Ciriako Bokesa; Leoncio Evita; Jos&#xE9; Fernando Siale; Maximiliano Nkogo y otros autores y autoras relevantes de Guinea Ecuatorial, pero se encuentran tambi&#xE9;n textos dedicados a autores nacidos en Marruecos (Le&#xF3;n Coh&#xE9;n Mesonero), poetas colombianas afrodescendientes (Mar&#xED;a Teresa Ram&#xED;rez Nieva; Mary Grueso Romero y Elcina Valencia C&#xF3;rdoba) o un estudio sobre la influencia en la literatura y el arte del mito de la reina Dido, reina de Cartago.

Gloria Nistal</subfield>
  </datafield>
  <datafield tag="650" ind1=" " ind2="0">
    <subfield code="a">Literatura africana (Espa&#xF1;ol)-</subfield>
    <subfield code="x">Historia y cr&#xED;tica</subfield>
    <subfield code="9">236236</subfield>
  </datafield>
  <datafield tag="655" ind1=" " ind2="0">
    <subfield code="a">Cr&#xED;ticas literarias</subfield>
    <subfield code="9">233806</subfield>
  </datafield>
  <datafield tag="655" ind1=" " ind2="4">
    <subfield code="a">Art&#xED;culos</subfield>
    <subfield code="9">175745</subfield>
  </datafield>
  <datafield tag="655" ind1=" " ind2="0">
    <subfield code="a">Antolog&#xED;as</subfield>
    <subfield code="9">176540</subfield>
  </datafield>
  <datafield tag="830" ind1=" " ind2="0">
    <subfield code="9">176545</subfield>
    <subfield code="a">Casa de &#xC1;frica ;</subfield>
    <subfield code="v">113</subfield>
  </datafield>
  <datafield tag="852" ind1=" " ind2=" ">
    <subfield code="a">ES-MaACL</subfield>
    <subfield code="c">DEPOJ</subfield>
    <subfield code="j">N-8875</subfield>
    <subfield code="x">Encuadernaci&#xF3;n r&#xFA;stica con solapas</subfield>
    <subfield code="h">Donaci&#xF3;n: Editorial</subfield>
    <subfield code="9">203914</subfield>
  </datafield>
  <datafield tag="852" ind1=" " ind2=" ">
    <subfield code="a">ES-MaACL</subfield>
    <subfield code="b">R.154656</subfield>
    <subfield code="c">DEPOJ</subfield>
    <subfield code="j">N-9428</subfield>
    <subfield code="9">200686</subfield>
    <subfield code="x">Encuadernaci&#xF3;n r&#xFA;stica con solapas</subfield>
    <subfield code="h">Donaci&#xF3;n: Gloria Nistal </subfield>
  </datafield>
  <datafield tag="903" ind1=" " ind2=" ">
    <subfield code="9">234310</subfield>
    <subfield code="a">Nistal, Gloria</subfield>
    <subfield code="e">dnr</subfield>
  </datafield>
  <datafield tag="942" ind1=" " ind2=" ">
    <subfield code="2">udc</subfield>
    <subfield code="c">MONOGRAFIA</subfield>
    <subfield code="n">0</subfield>
  </datafield>
  <datafield tag="999" ind1=" " ind2=" ">
    <subfield code="c">194591</subfield>
    <subfield code="d">194591</subfield>
  </datafield>
  <datafield tag="952" ind1=" " ind2=" ">
    <subfield code="0">0</subfield>
    <subfield code="1">0</subfield>
    <subfield code="2">udc</subfield>
    <subfield code="4">0</subfield>
    <subfield code="7">0</subfield>
    <subfield code="a">ATENEOM</subfield>
    <subfield code="b">ATENEOM</subfield>
    <subfield code="c">DEPOJ</subfield>
    <subfield code="d">2023-10-24</subfield>
    <subfield code="e">DONACION</subfield>
    <subfield code="j">1</subfield>
    <subfield code="l">0</subfield>
    <subfield code="o">N-9428</subfield>
    <subfield code="p">101205974</subfield>
    <subfield code="r">2023-10-24 00:00:00</subfield>
    <subfield code="y">MONOGRAFIA</subfield>
  </datafield>
  <datafield tag="952" ind1=" " ind2=" ">
    <subfield code="0">0</subfield>
    <subfield code="1">0</subfield>
    <subfield code="2">udc</subfield>
    <subfield code="4">0</subfield>
    <subfield code="7">0</subfield>
    <subfield code="a">ATENEOM</subfield>
    <subfield code="b">ATENEOM</subfield>
    <subfield code="c">DEPOJ</subfield>
    <subfield code="d">2024-07-26</subfield>
    <subfield code="e">DONACION</subfield>
    <subfield code="l">0</subfield>
    <subfield code="o">N-8875</subfield>
    <subfield code="p">101228886</subfield>
    <subfield code="r">2024-07-26 00:00:00</subfield>
    <subfield code="w">2024-07-26</subfield>
    <subfield code="y">MONOGRAFIA</subfield>
  </datafield>
</record>
